000 00463nam a2200181Ia 4500
001 8960
005 20260306160648.0
008 260306t2012||||xx |||||||||||||| ||spa||
041 _aESP
082 _a372.1
_bM81
100 _aMolina-García, María José
_eAUT
245 0 _aLas prácticas de enseñanza como instrumentos de formación
260 _c2012
300 _a332 páginas :
_c23 cm.
650 _aGEN
654 _aCED
942 _cLIB
_dJUS
_fJUS
_2ddc
_n
999 _c8960
_d8960